| 000 | 00456nam a2200193Ia 4500 | ||
|---|---|---|---|
| 005 | 20230630102259.0 | ||
| 008 | 140110s9999 xx 000 0 und d | ||
| 020 |
_a9780330518048 _cRs.299.00 |
||
| 040 | _aLoreto College | ||
| 041 | _aEnglish | ||
| 082 |
_aF _bBAL |
||
| 100 | _aBaldacci,David | ||
| 245 |
_aTrue blue _cDavid Baldacci |
||
| 260 |
_aLondon _bPan Books _c2010 |
||
| 300 | _a644p. | ||
| 650 | _afiction | ||
| 850 | _aLCLIB | ||
| 942 | _cBK | ||
| 999 |
_c37240 _d87719 |
||